Statistics for This Day in History - January

Click here to take the quiz!

General Stats

  • This quiz has been taken 40,227 times
    (13,702 since last reset)
  • The average score is 24 of 31

Answer Stats

DateYearClueAnswer% Correct
Jan 31959This state becomes the 49th to join the U.S.Alaska
95%
Jan 42010Burj Khalifa, the world's tallest building, opens in this cityDubai
95%
Jan 12002This currency enters circulation for the first timeEuro
95%
Jan 202009This man becomes the first black President of the U.S.Barack Obama
93%
Jan 211793This device is used to execute Louis XVI of FranceGuillotine
89%
Jan 1049 BCThis general crosses the RubiconJulius Caesar 
89%
Jan 221901This queen dies after reigning for 63 yearsQueen Victoria
88%
Jan 91349Jewish residents in Basel, Switzerland are slaughtered after being
blamed for this pandemic
Black Death
87%
Jan 21492Christians capture Granada, completing the reconquest of this countrySpain
86%
Jan 171929This spinach-guzzling cartoon character appears for the first timePopeye
84%
Jan 261924This city is renamed LeningradPetrograd
83%
Jan 71610This scientist discovers the four largest moons of JupiterGalileo Galilei
82%
Jan 301969This band performs for the last time, on the roof of Apple RecordsThe Beatles
82%
Jan 51914This manufacturing company doubles pay to $5 a dayFord
81%
Jan 191981The U.S. secures the release of hostages held by this countryIran
81%
Jan 181778This British sea captain discovers HawaiiJames Cook
79%
Jan 111964The American surgeon general warns that this activity may be
hazardous to one's health
Smoking
79%
Jan 312010This film becomes the first to gross $2 billion worldwideAvatar
78%
Jan 1627 BCThis man becomes the first Roman emperorAugustus
76%
Jan 251533This woman becomes the second wife of Henry VIIIAnne Boleyn
74%
Jan 81959
This man becomes the first President of France during the
Fifth Republic era
Charles de Gaulle
71%
Jan 231368This dynasty comes to power in ChinaMing
69%
Jan 271984This pop singer's hair catches fire while filming a Pepsi commercialMichael Jackson
68%
Jan 122010100,000 people are killed by an earthquake in this countryHaiti
66%
Jan 281986This space shuttle explodesChallenger
65%
Jan 141953Josip Broz Tito is inaugurated as President of this countryYugoslavia
65%
Jan 291820This "mad king" diesGeorge III
61%
Jan 131968This singer performs at Folsom State PrisonJohnny Cash
59%
Jan 151892James Naismith publishes the rules to this gameBasketball
58%
Jan 2441This depraved Roman emperor is assassinatedCaligula
54%
Jan 61066This last Anglo-Saxon king of England is crowned. He would be
killed at the Battle of Hastings just 10 months later.
Harold Godwinson
48%

Score Distribution

Percentile by Number Answered

Percent of People with Each Score

Your Score History

You have not taken this quiz since the last reset